000 01186ngm a22003370a 4500
001 PT14659
003 AR-LpoUNG
005 20210201235900.0
007 vd cvaizq
008 191001ss.f.||||ag |||||||||||||||||spa d
040 _aAR-LpoUNG
_bspa
_cAR-LpoUNG
_eaacr
041 _aspa
044 _aag
082 0 _a909.22 277er
100 1 _aPigna, Felipe
_edir.
245 1 0 _aEric Hobsbawm en Argentina
260 _aBuenos Aires :
_bDiana,
_c[200?].
300 _aVHS : son., col., PAL
505 0 _aProducción: Raúl Carioli. - Asistencia: Vanesa Suvalski.
520 _aLos fragmentos más significativos de sus conferencias en Buenos Aires (Teatro Municipal General San Martín y Colegio Nacional de Buenos Aires) y una entrevista exclusiva en la que el gran historiador inglés reflexiona sobre su trayectoria, su visión del marxismo, el rol del historiador en al actualidad y su pasión por el jazz.
650 4 _aANALISIS HISTORICO
650 4 _aBIOGRAFIAS
650 4 _aCIENCIAS SOCIALES
650 4 _aHISTORIA
650 4 _aMARXISMO
653 _aDOCUMENTALES
653 _aVIDEOS
700 1 _aRanalletti, Mario
905 _a14659
942 _cVIDEO
999 _c53691
_d53691